Every Kanye West Song - Statistics

General Stats
  • This quiz has been taken 9 times
  • The average score is 104 of 224
Answer Stats
Album Song % Correct
Donda 2 | Vultures 2 530
86%
Bully All the Love
86%
Graduation Flashing Lights
86%
Vultures 1 Good
86%
Bully | Vultures 1 King
86%
My Beautiful Dark Twisted Fantasy Runaway
86%
My Beautiful Dark Twisted Fantasy All of the Lights
71%
Yeezus Black Skinhead
71%
My Beautiful Dark Twisted Fantasy Blame Game
71%
Yeezus Blood on the Leaves
71%
Yeezus Bound 2
71%
Bully Bully
71%
Vultures 1 Burn
71%
Graduation Can't Tell Me Nothing
71%
Vultures 1 Carnival
71%
Graduation Champion
71%
My Beautiful Dark Twisted Fantasy Dark Fantasy
71%
Late Registration Diamonds from Sierra Leone
71%
Donda Donda
71%
Bully Father
71%
Graduation Good Morning
71%
My Beautiful Dark Twisted Fantasy Gorgeous
71%
Yeezus Guilt Trip
71%
808s & Heartbreak Heartless
71%
Bully Highs and Lows
71%
Yeezus Hold My Liquor
71%
Graduation Homecoming
71%
Yeezus I Am A God
71%
Graduation I Wonder
71%
Bully Last Breath
71%
The College Dropout Last Call
71%
My Beautiful Dark Twisted Fantasy Lost in the World
71%
My Beautiful Dark Twisted Fantasy Monster
71%
The College Dropout Never Let Me Down
71%
Yeezus On Sight
71%
My Beautiful Dark Twisted Fantasy Power
71%
Bully Sisters and Brothers
71%
My Beautiful Dark Twisted Fantasy So Appalled
71%
Graduation The Glory
71%
The College Dropout The New Workout Plan
71%
Bully This One Here
71%
Donda 2 True Love
71%
The College Dropout We Don't Care
71%
The College Dropout All Falls Down
57%
Ye All Mine
57%
Graduation Barry Bonds
57%
Bully Beauty and the Beast
57%
The College Dropout Breathe In Breathe Out
57%
Bully Circles
57%
My Beautiful Dark Twisted Fantasy Devil in a New Dress
57%
Donda Donda Chant
57%
Graduation Drunk and Hot Girls
57%
Graduation Everything I Am
57%
The Life of Pablo Facts
57%
The College Dropout Family Business
57%
The Life of Pablo Famous
57%
Vultures 2 Field Trip
57%
The Life of Pablo FML
57%
The College Dropout Get Em High
57%
Ye Ghost Town
57%
Late Registration Gold Digger
57%
Graduation Good Life
57%
The College Dropout Graduation Day
57%
Donda 2 Happy
57%
Late Registration Heard 'Em Say
57%
My Beautiful Dark Twisted Fantasy Hell of a Life
57%
Yeezus I'm in It
57%
Ye I Thought About Killing You
57%
The College Dropout Jesus Walks
57%
Vultures 1 Keys to My Life
57%
Bully Mama's Favorite
57%
Yeezus New Slaves
57%
The Life of Pablo No More Parties in LA
57%
Watch the Throne N****s in Paris
57%
Donda 2 Pablo
57%
Vultures 1 Paid
57%
808s & Heartbreak Paranoid
57%
Bully Preacher Man
57%
Vultures 2 Promotion
57%
The Life of Pablo Pt. 2
57%
Vultures 2 River
57%
808s & Heartbreak RoboCop
57%
The Life of Pablo Saint Pablo
57%
The College Dropout School Spirit
57%
Yeezus Send It Up
57%
The College Dropout Spaceship
57%
Vultures 1 Stars
57%
Graduation Stronger
57%
Bully This a Must
57%
The College Dropout Through The Wire
57%
The College Dropout Two Words
57%
The Life of Pablo Ultralight Beam
57%
Ye Violent Crimes
57%
Late Registration Wake Up Mr. West
57%
808s & Heartbreak Welcome to Heartbreak
57%
My Beautiful Dark Twisted Fantasy Who Will Survive in America
57%
The Life of Pablo 30 Hours
43%
Late Registration Addiction
43%
Vultures 1 Back to Me
43%
Graduation Big Brother
43%
Donda 2 Broken Road
43%
Late Registration Crack Music
43%
Vultures 2 Dead
43%
Vultures 1 Do It
43%
The Life of Pablo Fade
43%
The Life of Pablo Father Stretch My Hands, Pt. 1
43%
The Life of Pablo Feedback
43%
Jesus Is King Follow God
43%
Vultures 2 Forever
43%
The Life of Pablo Frank's Track
43%
Vultures 2 Fried
43%
Jesus Is King God Is
43%
Late Registration Gone
43%
The Life of Pablo Highlights
43%
Vultures 1 Hoodrat
43%
Bully I Can't Wait
43%
The Life of Pablo I Love Kanye
43%
Vultures 2 Isabella
43%
Donda Junya
43%
Vultures 2 Lifestyle
43%
808s & Heartbreak Love Lockdown
43%
The Life of Pablo Low Lights
43%
Donda 2 Maintenance
43%
Donda 2 Mr Miyagi
43%
Vultures 2 My Soul
43%
Watch the Throne No Church in the Wild
43%
Ye No Mistakes
43%
Donda Ok Ok
43%
Donda Ok Ok pt 2
43%
Vultures 1 Paperwork
43%
Vultures 1 Problematic
43%
Bully Punch Drunk
43%
Donda Remote Control
43%
808s & Heartbreak Say You Will
43%
Donda 2 Scifi
43%
Donda 2 Security
43%
Jesus Is King Selah
43%
Vultures 2 Sky City
43%
Vultures 2 Slide
43%
The College Dropout Slow Jamz
43%
808s & Heartbreak Street Lights
43%
Vultures 1 Talking
43%
Vultures 2 Time Moving Slow
43%
Donda 2 Too Easy
43%
Late Registration Touch The Sky
43%
Vultures 1 Vultures
43%
Jesus Is King Water
43%
The Life of Pablo Waves
43%
Donda 2 We Did It
43%
Late Registration We Major
43%
Bully Whatever Works
43%
Bully White Lines
43%
The Life of Pablo Wolves
43%
Ye Yikes
43%
Donda 24
29%
808s & Heartbreak Amazing
29%
808s & Heartbreak Bad News
29%
Vultures 1 Beg Forgiveness
29%
Vultures 2 Bomb
29%
Donda 2 Burn Everything
29%
Late Registration Celebration
29%
Donda 2 City of Chi
29%
Donda 2 City of God
29%
Jesus Is King Closed on Sunday
29%
808s & Heartbreak Coldest Winter
29%
Donda Come to Life
29%
Bully Damn
29%
Jesus Is King Every Hour
29%
Donda 2 First Time in a Long Time
29%
Vultures 2 Forever Rolling
29%
The Life of Pablo Freestyle 4
29%
Donda 2 Get Lost
29%
Donda God Breathed
29%
Donda Heaven and Hell
29%
Donda Hurricane
29%
Vultures 2 Husband
29%
The College Dropout I'll Fly Away
29%
Donda Jail
29%
Donda Jail pt 2
29%
Donda 2 Jesse
29%
Donda Jesus Lord
29%
Donda Jesus Lord pt 2
29%
Donda 2 Keep the Flowers
29%
Donda 2 Lord Lift Me Up
29%
Donda 2 Louie Bags
29%
Donda Moon
29%
Donda New Again
29%
Donda Off the Grid
29%
Jesus Is King On God
29%
Watch the Throne Otis
29%
Donda Pure Souls
29%
The Life of Pablo Real Friends
29%
Late Registration Roses
29%
Donda 2 Suzy
29%
Donda Tell the Vision
29%
Watch the Throne Who Gon Stop Me
29%
Watch the Throne Why I Love You
29%
Ye Wouldn't Leave
29%
Donda Believe What I Say
14%
Late Registration Bring Me Down
14%
Late Registration Drive Slow
14%
Jesus Is King Everything We Need
14%
Vultures 1 F*k Sumn
14%
Watch the Throne Gotta Have It
14%
Jesus Is King Hands On
14%
Late Registration Hey Mama
14%
Jesus Is King Jesus Is Lord
14%
Donda Jonah
14%
Donda Junya pt 2
14%
Donda Keep My Spirit Alive
14%
Watch the Throne Lift Off
14%
Donda Lord I Need You
14%
Watch the Throne Made in America
14%
Late Registration My Way Home
14%
Watch the Throne New Day
14%
Donda No Child Left Behind
14%
Donda Praise God
14%
808s & Heartbreak See You in My Nightmares
14%
Watch the Throne That's My B***h
14%
Jesus Is King Use This Gospel
14%
Watch the Throne Welcome to the Jungle
14%
Watch the Throne Murder to Excellence
0%
No matching quizzes found
Score Distribution
Percent of People with Each Score
Percentile by Number Answered
Your Score History
You have not taken this quiz